| 000 | 00566nam a2200193 u 4500 | ||
|---|---|---|---|
| 001 | 000331382 | ||
| 003 | AM-YeHGA | ||
| 005 | 20250617130800.0 | ||
| 008 | 040504s1889 ||| r 000 0 arm d | ||
| 040 | _aAM-YeHGA | ||
| 041 | 1 | _aarm | |
| 245 | 0 | 0 |
_aՍոկրատէս / _cԹարգմ.՝ Օր. Թ. Ստեփոյեան. |
| 260 |
_aԹիֆլիս : _bՅ. Մարտիրոսեանց, _c1889. |
||
| 300 | _a70 էջ | ||
| 600 | 0 | 4 | _aՍոկրատ |
| 650 | 1 | 4 | _aՓիլիսոփայություն |
| 700 | 1 |
_aՍտեփոյեան, Թեկղի _eթարգմ. _4trl |
|
| 090 | _c125558 | ||
| 999 |
_c124203 _d124203 |
||